| 000 | 00652nam a2200205 i 4500 | ||
|---|---|---|---|
| 001 | 86180 | ||
| 003 | ES-MaACL | ||
| 005 | 20251001202946.0 | ||
| 007 | t| | ||
| 008 | 041209s1967 sp ||||1| spa d | ||
| 100 | 1 |
_aKersten, Félix. _967944 |
|
| 245 | 1 | 0 |
_aYo fuí confidente de Himmler _b: memorias / _cFélix Kersten ; [traducción de Frans Vives, Juan G. de Luaces]. |
| 260 |
_aBarcelona : _bG.P., _c[1967] |
||
| 300 |
_a506 p. ; _c18 cm. |
||
| 600 | 1 | 7 |
_aHimmler, Heinrich, _d1900-1945 _2 _9162648 |
| 700 | 1 |
_aVives, Frans. _9115569 |
|
| 700 | 1 |
_aLuaces, Juan G. de. _974483 |
|
| 852 |
_aES-MaACL _jC-33873 _bR.64315 |
||
| 999 |
_c86180 _d86180 |
||